Historia de la imaginación viciosa: ensayos

保存先:
書誌詳細
第一著者: Zolla, Elemire (著者)
フォーマット: 図書
言語:スペイン語
出版事項: Caracas Monte Avila 1968
主題:
タグ: タグ追加
タグなし, このレコードへの初めてのタグを付けませんか!

MARC

LEADER 00000nam a2200000 a 4500
001 UCP7580
003 CL-VaPUC
008 991217e19680000VE |||||||||||||||||spa|d
082 0 4 |a 854  |b ZOL  |2 21 
100 0 |a Zolla, Elemire  |e author  |9 437024 
245 1 0 |a Historia de la imaginación viciosa: ensayos 
300 |a 200 p 
942 |c BK 
945 |d 19991217 00:00:00  |a rherrera 
260 |a Caracas  |b Monte Avila  |c 1968 
650 7 |a ENSAYOS ITALIANOS  |2 CL-VaPUC  |9 313702 
650 0 |a Literatura italiana  |9 266970 
583 |a last modification  |c 19991217 00:00:00  |k Rodrigo Vera 
999 |c 284701  |d 284699 
952 |0 0  |1 0  |4 0  |6 854_000000000000000_ZOL_1968  |7 0  |8 A  |9 328880  |a BIBHIS  |b BIBHIS  |d 2019-11-20  |i 1379313  |o 854 ZOL 1968  |p 1379313  |r 2025-01-20  |w 2019-11-20  |y BK  |k HIS